[Event "Delft Prinsenstad op-B 9th"]
[Site "Delft"]
[Date "2016.03.27"]
[Round "6"]
[White "Van den Berg, Cees"]
[Black "Koster, Chiel"]
[Result "1/2-1/2"]
[WhiteElo "1928"]
[BlackElo "1795"]
[PlyCount "46"]
[EventDate "2016.03.27"]
[EventType "swiss"]
[EventRounds "6"]
[EventCountry "NED"]
[SourceTitle "EXT 2018"]
[Source "ChessBase"]
[SourceDate "2017.10.13"]
[SourceVersion "1"]
[SourceVersionDate "2017.10.13"]
[SourceQuality "1"]

1. e4 c5 2. Nf3 Nc6 3. d4 cxd4 4. Nxd4 Nf6 5. Nc3 e5 6. Ndb5 d6 7. a4 a6 8. Na3 Bg4 9. f3 Be6 10. Be3 d5 11. exd5 Nxd5 12. Nxd5 Qxd5 13. Qxd5 Bxd5 14. 0-0-0 Be6 15. Nc4 Rd8 16. Rxd8+ Kxd8 17. Be2 Be7 18. Rd1+ Kc8 19. Bb6 Bd8 20. Bc5 Bc7 21. Nb6+ Kb8 22. Nd7+ Kc8 23. Nb6+ Kb8 1/2-1/2